000 00369nam a2200145Ia 4500
005 20251222152019.0
008 251222s9999||||xx |||||||||||||| ||spa||
020 _a9789706868350
082 _a519.5/J67
100 _aJohnson, Robert Kuby, Patricia
245 0 _aEstadística elemental: Lo esencial
250 _a10a.ed.
264 _bCengage Learning
942 _cLIB
999 _c25197
_d25197